El computo aplicado a costos de mano de obra para edificios y urbanizaciones

Uloženo v:
Podrobná bibliografie
Hlavní autor: Corrales Obando, Luis Carlos
Médium: Neznámo
Vydáno: [San José : Costa Rica] 1982
Témata:
Tagy: Přidat tag
Žádné tagy, Buďte první, kdo vytvoří štítek k tomuto záznamu!

MARC

LEADER 00000 a2200000 4500
003 001832
005 20221231143749.0
008 140114s1982 c a m 000 ||s d
040 |c cru CEDI 
090 |a TFG 1204 
100 |a Corrales Obando, Luis Carlos  |9 15506 
245 |a El computo aplicado a costos de mano de obra para edificios y urbanizaciones 
260 |c 1982  |a [San José : Costa Rica] 
300 |a  101 hojas : ilustraciones ; 27 cm  
500 |a Proyecto de graduación (licenciatura en ingeniería civil)--Universidad de Costa Rica. Facultad de Ingeniería. Escuela de Ingeniería Civil 
650 |x TRABAJADORES DE LA CONSTRUCCION   |x  COSTOS   |x  PROGRAMAS PARA COMPUTADORA   |x CONSTRUCCION  |9 15507 
942 |c TFG 
999 |c 11441  |d 11441